00518 2200169 4500001002100000005001500021035002000036245010900056100001600165300002600181260004400207082000800251084001400259020002200273008004100295990001200336INLIS00000000000161120250424104036 a0010-04250000271 aIs It Bad Or Good Habits :bBagaimana Rutinitas dan Kebiasaan Dapat Memengaruhi Kehidupan /cSabrina Ara0 aSabrina Ara a134 hlm ;c14 x 20 cm aSemarang :bSyalmahat Publishing,c2024 a100 a100 SAB i a978-623-97672-3-5250424 0  a0754721